000 00635nam a2200205Ia 4500
005 20250508154725.0
008 008 250505s9999 xx 000 0 eng d
037 _aTextual
040 _aFEDL
_beng
_cFEDL
041 _aeng
_2eng
084 _a300.7, ASS
_qFEDL
245 0 _aHandbook for social studies teaching
245 0 _cAssociation of teachers of social studies of the city of New York
250 _a3rd
260 _aNew York, USA
_bHolt, Rinehart and Winston, Inc.
_c1967
300 _axiv,384p
650 _aSocial Science - Teaching
_9756799
942 _cTEXL
_h300.7, ASS
999 _c1351807
_d1351807